| 000 | 00775nam a22002057a 4500 | ||
|---|---|---|---|
| 999 |
_c15595 _d15595 |
||
| 003 | AR-CdUCM | ||
| 008 | 190429b ||||| |||| 00| 0 spad | ||
| 040 |
_aMUNICIPALIDAD PROVINCIAL DEL CUSCO _cBIBLIOTECA MUNICIPAL DEL CUSCO |
||
| 082 |
_aC / 980.5 / _bAR77 |
||
| 100 |
_aArredondo A., Sofia _932105 |
||
| 245 | _aLoa Ayllus de Haquira / | ||
| 260 |
_aCuzco : _c1940.. _bH.G. Rozas |
||
| 300 |
_a51 paginas ; _c21cm. |
||
| 505 | _aContenido : Aspecto geográfico -- El ayllu -- Origen de los fundos -- Valor económico del indígena como sujeto de producción agro pecuaria -- Organizaciones del trabajo entre los indígenas... | ||
| 650 |
_aAyllus _932106 |
||
| 650 |
_aLos fundos _934724 |
||
| 650 |
_aCusco _9772 |
||
| 942 |
_2ddc _cTESIS |
||
| 945 |
_awnts _d2019-04-29 |
||